000 01272nam a2200277Ia 4500
001 18195
003 GE_BSU
008 181216s||||||||xx |||||||||||||| ||und||
020 _a978-9941-13-036-6
040 _cGE_BSU
080 _a811.112.2'36
100 _aანდრაზაშვილი,მარინა
245 _aგერმანული ენის გრამატიკა = Grammatik der deutschen Sprache : 4 წიგნად. წ. 1 : მორფოლოგია I.
250 _aმე-2 გადამუშავებული და გავრცობილი გამოცემა. ივ. ჯავახიშვილის სახ. თსუ
260 _aთბილისი
260 _bთბილ. უნ-ტის გამ-ბა
260 _c2008
300 _a510 გვ.28 სმ.
520 _aპარალ. თავფურ. გერმ. ენ.
541 _h40ლ.
653 _aGrammatik der deutschen Sprache
653 _aგერმანული ენის გრამატიკა
653 _aგერმანული ენის გრამატიკა
653 _aგერმანული ენის მორფოლოგია;
942 _cBK
999 _c51235
_d51235